Tập viết 3

Đã lưu trong:
书目详细资料
主要作者: Trần, Mạnh Hưởng
格式: 图书
语言:Undetermined
出版: Hà Nội Giáo Dục 2006
主题:
标签: 添加标签
没有标签, 成为第一个标记此记录!
Thư viện lưu trữ: Trung tâm Học liệu Trường Đại học Cần Thơ
LEADER 00564nam a2200205Ia 4500
001 CTU_106367
008 210402s9999 xx 000 0 und d
020 |c 2300 
082 |a 372.634 
082 |b H561/T1/L3 
100 |a Trần, Mạnh Hưởng 
245 0 |a Tập viết 3 
245 0 |c Trần Mạnh Hưởng 
260 |a Hà Nội 
260 |b Giáo Dục 
260 |c 2006 
650 |a Writing 
650 |x Study and teaching 
904 |i Tuyến (Nguyên sửa) 
980 |a Trung tâm Học liệu Trường Đại học Cần Thơ